Дело о взыскании с актрисы Жорж должных ею Кабинету его величества 16000 рублей

Доступно только в Электронных читальных залах Найти на картеНа карте
RUSMARC
00003607nmc2a22000003x 450
00160f1e72c-a525-4e8e-a778-4005d3628648
00520181001095940.0
100##$a20161212l18101812k l0rusy0189 ca
1010#$arus
102##$aRU
2001#$aДело о взыскании с актрисы Жорж должных ею Кабинету его величества 16000 рублей
$j4 апреля 1810 г. - 12 февраля 1812 г.
251##$cДело
300##$aДело
801#0$aRU
$bРГИА
$c20161212
$gRCR
801#1$aRU
$bГлавНИВЦ
$c20161212
$2rusmarc
801#2$aRU
$bПБ им. Б.Н. Ельцина
$c20181001
$gRCR
$2rusmarc
850##$aРГИА
852##$aРГИА
$eФедеральное казенное учреждение "Российский государственный исторический архив" (РГИА)
$j234
937##$hРГИА
$d12234439
$aASBIBLIO_SCAN
462#0$1001dd3991dc-24e1-42ec-8838-ca4255420416
$12001
$a1746-1850 гг.
$1251
$cОпись
$1852
$j1
461#0$10019264ebf8-de62-4f1a-9eb4-9f22098dbbd5
$12001
$aДирекция императорских театров МИДв
$1251
$cФонд
$1852
$j497
215##$a8 л.
$d36,5х26 см
371##$aДокумент не является опубликованным и широко распространяемым
105##$ay###
1222#$ad
035##$a60f1e72c-a525-4e8e-a778-4005d3628648
856##$uhttp://readingroom.main.prlib.ru/item.aspx?id_node=n118728414&mode=full
Формат отображения